000 00650 a2200181 4500
003 NUST
038 _aNusrat Nadeem
082 _aBICSE-2
100 _aMuhammad Awais
_951909
245 _aApplication of layered structure (coding) to MC-CDMA systems
_cMuhammad Awais & Bilal Azam
260 _aIslamabad :
_bNUST School of Electrical Engineering & Computer Science,
_c2009.
300 _aviii, 60 p. :
_bill. ;
_c27 cm +
_eCD-ROM
500 _aSupervisors : Ms. Khalida Noori, Mr. Sami Ahmad Haider.
563 _aHB
700 _aBilal Azam
_991604
856 _uhttp://10.250.8.41:8080/xmlui/handle/123456789/10326
942 _cPR
_kBICSE-2 AWA
_2ddc
999 _c10049
_d10049